Statistics for Top 10 Most Popular Musicians by U.S. State

Click here to take the quiz!

General Stats

  • This quiz has been taken 143 times
  • The average score is 8 of 48

Answer Stats

Answer % Correct
Taylor Swift
71%
YG
68%
Beyoncé
67%
Rihanna
63%
Eminem
52%
Drake
48%
Ed Sheeran
43%
Adele
35%
Bruno Mars
35%
Nicki Minaj
31%
Kendrick Lamar
25%
The Weeknd
21%
Lil Wayne
18%
Migos
18%
Imagine Dragons
15%
Florida Georgia Line
13%
Chris Brown
13%
2Pac
13%
Future
13%
AC/DC
12%
Kodak Black
11%
J Boog
11%
Twenty One Pilots
9%
J. Cole
7%
The Green
6%
Luke Bryan
5%
G-Eazy
5%
Jack Johnson
5%
Bob Marley
3%
Nickelback
3%
George Strait
3%
Tech N9ne
2%
Moneybagg Yo
2%
YFN Lucci
2%
Eric Church
2%
Meghan Trainor
2%
Chris Stapleton
2%
Kevin Gates
2%
Common Kings
1%
Zac Brown Band
1%
A Boogie
1%
Ozuna
1%
Banda MS
1%
Fetty Wap
1%
PnB Rock
1%
Lil Boosie
0%
Five Finger Death Punch
0%
K. Michelle
0%

Score Distribution

Percentile by Number Answered

Percent of People with Each Score

Your Score History

You have not taken this quiz